Statistics for Countries without an olympic medal

Click here to take the quiz!

General Stats

  • This quiz has been taken 285 times
    (182 since last reset)
  • The average score is 41 of 66

Answer Stats

Answer % Correct
Andorra
82%
Saint Kitts and Nevis
76%
Tuvalu
75%
Marshall Islands
75%
Saint Lucia
74%
Solomon Islands
73%
Samoa
72%
Chad
72%
Guinea
71%
Nauru
71%
Palau
70%
Saint Vincent and the Grenadines
70%
Antigua and Barbuda
70%
Lesotho
70%
San Marino
70%
Seychelles
69%
Fiji
69%
Maldives
69%
Micronesia
67%
Rwanda
67%
Mali
67%
Vanuatu
67%
Swaziland
67%
Brunei
66%
Cape Verde
66%
Oman
66%
Kiribati
66%
Comoros
66%
Mauritania
66%
Dominica
65%
Bhutan
65%
Yemen
65%
East Timor
64%
Guinea-Bissau
64%
Monaco
64%
Belize
64%
Angola
63%
Benin
63%
DR Congo
63%
Congo
63%
Nepal
63%
Gambia
62%
Sao Tomé and Príncipe
61%
Burkina Faso
61%
Albania
60%
Liberia
59%
Madagascar
59%
El Salvador
59%
Malta
58%
Laos
57%
Malawi
57%
Sierra Leone
53%
Equatorial Guinea
53%
Papua New Guinea
53%
Cambodia
51%
Somalia
51%
Honduras
51%
Myanmar
51%
Nicaragua
49%
Bangladesh
46%
Turkmenistan
45%
Libya
39%
Bolivia
39%
Bosnia and Herzegovina
39%
Jordan
38%
Central African Republic
37%

Score Distribution

Percentile by Number Answered

Percent of People with Each Score

Your Score History

You have not taken this quiz since the last reset